El desafío soviético / (Record no. 144966)

MARC details
000 -LEADER
campo de control de longitud fija 00666nam a2200217 i 4500
001 - NÚMERO DE CONTROL
campo de control 144966
003 - IDENTIFICADOR DE NÚMERO DE CONTROL
campo de control ES-MaACL
005 - FECHA Y HORA DE LA ÚLTIMA TRANSACCIÓN
campo de control 20230906201133.0
007 - CAMPO FIJO DE DESCRIPCIÓN FÍSICA--INFORMACIÓN GENERAL
campo de control de longitud fija t|
008 - DATOS DE LONGITUD FIJA--INFORMACIÓN GENERAL
campo de control de longitud fija 070214s1971 sp |||| | spa d
080 ## - NÚMERO DE LA CLASIFICACIÓN DECIMAL UNIVERSAL
Número de la Clasificación Decimal Universal 308(47)"1953/.."
080 ## - NÚMERO DE LA CLASIFICACIÓN DECIMAL UNIVERSAL
Número de la Clasificación Decimal Universal 338(47)"1953/.."
100 1# - ENTRADA PRINCIPAL--NOMBRE DE PERSONA
Nombre de persona Simon, Sacha.
9 (RLIN) 106534
245 13 - MENCIÓN DEL TÍTULO
Título El desafío soviético /
Mención de responsabilidad, etc. Sacha Simon ; versión de Domingo Santos.
260 ## - PUBLICACIÓN, DISTRIBUCIÓN, ETC.
Lugar de publicación, distribución, etc. Barcelona :
Nombre del editor, distribuidor, etc. Dronte,
Fecha de publicación, distribución, etc. 1971.
300 ## - DESCRIPCIÓN FÍSICA
Extensión 324 p. ;
Dimensiones 21 cm.
651 #4 - PUNTO DE ACCESO ADICIONAL DE MATERIA--NOMBRE GEOGRÁFICO
Nombre geográfico URSS-
Subdivisión general Situación social-
Subdivisión cronológica 1945-1989.
9 (RLIN) 144379
651 #4 - PUNTO DE ACCESO ADICIONAL DE MATERIA--NOMBRE GEOGRÁFICO
Nombre geográfico URSS-
Subdivisión general Situación económica-
Subdivisión cronológica 1945-1989.
9 (RLIN) 144380
700 1# - ENTRADA AGREGADA--NOMBRE PERSONAL
Nombre de persona Santos, Domingo.
9 (RLIN) 103468
852 ## - LOCALIZACIÓN
Ubicación ES-MaACL
Número de control de estantería C-39138
Holdings
Estatus retirado Estado de pérdida Estado de daño No para préstamo Biblioteca de origen Biblioteca actual Ubicación en estantería Fecha de adquisición Fuente de adquisición Total de préstamos Signatura topográfica completa Código de barras Visto por última vez Precio de reemplazo Tipo de ítem Koha
        Biblioteca del Ateneo de Madrid Biblioteca del Ateneo de Madrid Depósito 2 17/01/2008     C-39138 1151279 23/02/2023 23/02/2023 Libro impreso